000 00743nam a2200217 a 4500
008 120416s1990 ||||||||||||||||| || u
020 _a0314667695
050 _aHD 58.7 Daf
100 _aDaft, Richard L
245 1 0 _aOrganizational theory
246 _acases and applications
250 _a3rd ed.
260 _aSt. Paul
_bWest Publishing
_c1990
300 _axxvi, 379p. : ill
350 _a0.00
500 _aIncludes bibliographical references: p. xxv-xxvi.
650 _aOrganizational sociology--Case studies
650 0 _aMANAGEMENT
700 _aSharfman, Mark P
995 _D0.00
_FCBU-MAIN LIBRARY (Kitwe)
_H1
_I23.00
_M1
_UAVAILABLE
_ZMain Library Open Access Collection
999 _c52903
_d52903